African Footballers A-Z - Statistics

General Stats
  • This quiz has been taken 133 times
    15 since last reset
  • The average score is 15 of 33
Answer Stats
Country Hint Player % Correct
D Ivory Coast Striker who led Chelsea to multiple titles, including the 2012 Champions League, and is a two-time African Footballer of the Year. Didier Drogba
100%
W Liberia The only African player in history to win the Ballon d'Or (1995). George Weah
100%
S Egypt Multiple-time Premier League Golden Boot winner, and a Champions League winner with Liverpool. Mohamed Salah
100%
H Morocco World-class PSG right-back and global football icon. Achraf Hakimi
93%
A Gabon Prolific striker who played for Chelsea and Arsenal. Pierre-Emerick Aubameyang
93%
M Algeria Manchester City treble-winner and 2016 African Footballer of the Year. Riyad Mahrez
93%
M Senegal Winger who won the Champions League and Premier League with Liverpool. Sadio Mane
93%
E Cameroon Striker who won four African Footballer of the Year awards and captured consecutive European trebles with Barcelona and Inter Milan. Samuel Eto'o
93%
A Togo Former Arsenal and Real Madrid striker who was 2008 African Player of the Year. Emmanuel Adebayor
86%
O Nigeria One of the most naturally gifted and entertaining dribblers to ever play the game, he is a true icon of Nigerian and African football flair. Jay-Jay Okocha
79%
T Ivory Coast African Footballer of the Year from 2011 to 2014 who dominated with Barcelona and Manchester City. Yaya Touré
79%
Z Morocco Playmaker who was a crucial pillar of the historic Moroccan team that reached the World Cup semi-finals in 2022. Hakim Ziyech
71%
B Morocco Elite goalkeeper crucial to Morocco’s 2022 World Cup semi-final run. Yassine Bounou
71%
G Ghana Striker who is the highest-scoring African player in the history of the FIFA World Cup, with 6 goals across three tournaments. Asamoah Gyan
50%
K Nigeria Forward who won the Champions League with Ajax, an Olympic Gold medal. Nwankwo Kanu
50%
S Cameroon Legendary, fierce center-back who played in four World Cups. Rigobert Song
43%
P Ghana Player who won the Champions League with Marseille and was named African Footballer of the Year three times in a row. Abedi Pelé
29%
V Senegal One of the greatest midfielders in football history who was born in Dakar, but he played for the French national team. Patrick Vieira
29%
D Senegal Two-time African Footballer of the Year; star of the 2002 World Cup. El Hadji Diouf
21%
L Cameroon Right-back who was an integral part of Arsenal's legendary "Invincibles" squad. Lauren
21%
M Cameroon The legendary forward who lit up the 1990 and 1994 World Cups. Roger Milla
21%
U Nigeria Striker who spent the vast majority of his successful career in Spain, scoring over 40 La Liga goals and winning the 2013 AFCON with Nigeria. Ikechukwu Uche
14%
E Egypt Legendary goalkeeper; oldest player in World Cup history (45 in 2018). Essam El-Hadary
7%
H Egypt An absolute icon of North African football, record goalscorer, and multiple AFCON winner. Hossam Hassan
7%
R South Africa Defender who captained both Leeds United and the South African national team. Lucas Radebe
7%
F Cameroon Midfielder who played for Lyon and Manchester City. He is tragically remembered for passing away on the pitch during the 2003 FIFA Confederations Cup. Marc-Vivien Foé
7%
Y Nigeria Striker who scored Nigeria's first-ever goal at a FIFA World Cup in 1994, and was named African Footballer of the Year in 1993. Rashidi Yekini
7%
C Senegal Prolific striker and Senegal's all-time most-capped player. Henri Camara
0%
B Zambia African Footballer of the Year in 1988 Kalusha Bwalya
0%
N Morocco Legendary captain who led Deportivo La Coruña to a historic La Liga title. Nourredine Naybet
0%
J Tunisia Centre back who played for Bolton, Birmingham City and Southampton. Radhi Jaïdi
0%
N Cameroon Goalkeeper whose spectacular performances at the 1990 World Cup famously inspired a young Gianluigi Buffon to become a goalkeeper. Thomas N'Kono
0%
I Nigeria Nicknamed the "Prince of Monaco," he won the African Footballer of the Year award in 1997. Victor Ikpeba
0%
No matching quizzes found
Score Distribution
Percent of People with Each Score
Percentile by Number Answered
Your Score History
You have not taken this quiz since the last reset